Stephanie : (Record no. 110892)
[ view plain ]
| 000 -LEADER | |
|---|---|
| fixed length control field | 00324nam a2200121 a 4500 |
| 001 - CONTROL NUMBER | |
| control field | 4043 |
| 005 - DATE AND TIME OF LATEST TRANSACTION | |
| control field | 20140414131905.0 |
| 008 - FIXED-LENGTH DATA ELEMENTS--GENERAL INFORMATION | |
| fixed length control field | 081121s19uu xx 00 eng d |
| 050 ## - LIBRARY OF CONGRESS CALL NUMBER | |
| Classification number | FIC |
| Item number | Sp3 1996 |
| 100 ## - MAIN ENTRY--PERSONAL NAME | |
| Personal name | Speregen, Devra Newberger |
| 245 ## - TITLE STATEMENT | |
| Title | Stephanie : |
| Remainder of title | Wish upon a VCR / |
| Statement of responsibility, etc | Devra Newberger Speregen. |
| Withdrawn status | Lost status | Damaged status | Home library | Current library | Shelving location | Date acquired | Total Checkouts | Full call number | Barcode | Date last seen | Price effective from | Koha item type |
|---|---|---|---|---|---|---|---|---|---|---|---|---|
| Munich Library | Munich Library | Fiction Section | 09/27/2010 | FIC Sp3 1996 | M1415 | 04/14/2014 | 04/14/2014 | Books |